Correlates of science achievement in lower secondary students /
محفوظ في:
| المؤلف الرئيسي: | |
|---|---|
| التنسيق: | أطروحة كتاب |
| اللغة: | English |
| منشور في: |
1989.
|
| الموضوعات: | |
| الوسوم: |
إضافة وسم
لا توجد وسوم, كن أول من يضع وسما على هذه التسجيلة!
|
| LEADER | 00813cam a2200241 a 4500 | ||
|---|---|---|---|
| 001 | u309175 | ||
| 003 | SIRSI | ||
| 008 | 930217s1989 si v 00 1 eng m | ||
| 035 | |a ABM-2152 | ||
| 040 | |a UMM | ||
| 043 | |a a-si--- | ||
| 090 | |a LB1647 |b Ng | ||
| 100 | 1 | 0 | |a Ng, Chee Kheong. |
| 245 | 1 | 0 | |a Correlates of science achievement in lower secondary students / |c by Ng Chee Kheong. |
| 260 | |c 1989. | ||
| 300 | |a xii, 216 leaves : |b ill. ; |c 30 cm. | ||
| 502 | |a Dissertation (M.Ed.) -- National University of Singapore, 1989. | ||
| 504 | |a Bibliography: leaves 134-143. | ||
| 650 | 0 | |a Science |x Study and teaching (Secondary) |z Singapore. | |
| 650 | 0 | |a Science |x Ability testing. | |
| 948 | |a 17/02/1993 |b 06/09/2002 | ||
| 596 | |a 1 | ||
| 999 | |a LB1647 NG |w LC |c 1 |i A011201308 |d 26/12/1996 |l STACKS |m P01UTAMA |n 1 |r Y |s Y |t TESIS |u 19/3/1993 | ||
